Introduction to english language: (Record no. 1238225)

MARC details
000 -LEADER
fixed length control field 00894nam a22002777a 4500
005 - DATE AND TIME OF LATEST TRANSACTION
control field 20250122172109.0
008 - FIXED-LENGTH DATA ELEMENTS--GENERAL INFORMATION
fixed length control field 250121b |||||||| |||| 00| 0 eng d
020 ## - INTERNATIONAL STANDARD BOOK NUMBER
International Standard Book Number 978-1-3503-8012-7 (pbk)
037 ## - SOURCE OF ACQUISITION
Terms of availability TB
040 ## - CATALOGING SOURCE
Original cataloging agency CRL
Transcribing agency CRL
041 ## - LANGUAGE CODE
Source of code eng
Language code of text/sound track or separate title eng
084 ## - COLON CLASSIFICATION NUMBER
Classification number P111 Q7;R4
100 ## - MAIN ENTRY--PERSONAL NAME
Personal name Kuiper, Koenraad
9 (RLIN) 29049
245 ## - TITLE STATEMENT
Title Introduction to english language:
Remainder of title Word, sound and sentence
250 ## - EDITION STATEMENT
Edition statement 5th Ed.
260 ## - PUBLICATION, DISTRIBUTION, ETC.
Place of publication, distribution, etc. London, UK:
Name of publisher, distributor, etc. Bloomsbury Academic,
Date of publication, distribution, etc. 2024
300 ## - PHYSICAL DESCRIPTION
Extent xxvi,366p.
365 ## - TRADE PRICE
Price amount 28.99
Currency code UKP
650 ## - SUBJECT ADDED ENTRY--TOPICAL TERM
Topical term or geographic name entry element English language
650 ## - SUBJECT ADDED ENTRY--TOPICAL TERM
Topical term or geographic name entry element Linguistics
653 ## - INDEX TERM--UNCONTROLLED
Uncontrolled term English language
653 ## - INDEX TERM--UNCONTROLLED
Uncontrolled term Linguistics
700 ## - ADDED ENTRY--PERSONAL NAME
Personal name Allan, W. Scott (Author)
9 (RLIN) 734779
942 ## - ADDED ENTRY ELEMENTS (KOHA)
Source of classification or shelving scheme Colon Classification (CC)
Koha item type Textbook
Classification part P111 Q7;R4
Suppress in OPAC No
Holdings
Withdrawn status Lost status Source of classification or shelving scheme Damaged status Not for loan Home library Current library Date acquired Source of acquisition Inventory number Total Checkouts Full call number Barcode Date last seen Price effective from Koha item type
    Colon Classification (CC)     Central Library Central Library 2025-01-21 Segment Book Distributors 69422 & 2025-01-07   P111 Q7;R4 CL1682461 2025-01-21 2025-01-21 Textbook
Copyright @ Delhi University Library System